01018nam a2200193 i 450000100060000000300090000600500170001500700030003200800410003510000350007624503900011126000380050130000580053953000350059765000430063270000350067585200250071085600890073570992ES-MaACL20230906171003.0t|040804s1903 sp ||||1| spa d1 aGascón y Miramón, Antonio.10aEstudios sobre los carbones de Teruel y especialmente sobre la cuenca de Utrillas / cpor Antonio Gascón ; con la colaboración de Emiliano de la Cruz y Díaz, ncluyendo un extracto de los juicios de varios autores, un informe inédito de Manuel Abad y Boned, ... reproducción de otro informe de José de Sendra ... y una nota acerca de los hogares para lignitos por J. Ugarte. aMadrid : bRicardo Rojas, c1903. aVII, 170 p., [5] h. de lám. : il., mapas ; c26 cm. aDisponible en formato digital. 4aMinas de carbón-zTeruel (Provincia)1 aCruz y Díaz, Emiliano de la. aES-MaACLjT-1052-F-6 uhttp://bdh-rd.bne.es/viewer.vm?id=0000131754&page=1 zBiblioteca Digital Hispánica